| 000 | 01838nam a2200289 a 4500 | ||
|---|---|---|---|
| 001 | 000004282 | ||
| 003 | DO-SdBNP | ||
| 005 | 20260310114848.0 | ||
| 008 | 090721s 1985 dr a 001 0 spa d | ||
| 040 |
_aDO-SdBNP _bspa _cBNPHU _drda |
||
| 082 | 4 |
_a362.829207293 _bR466p 2012 _222 |
|
| 100 | 1 |
_aReynoso, José, _d1942- |
|
| 245 | 1 | 0 |
_aPor qué no los celos / _cJosé Reynoso ; prólogo Cándido Gerón. |
| 260 |
_aSanto Domingo : _bAlfa & Omega, _c1985. |
||
| 300 |
_a61 p. : _bil. ; _c21 cm. |
||
| 336 |
_atexto _btxt _2rdacontent |
||
| 337 |
_asin mediación _bn _2rdamedia |
||
| 338 |
_avolumen _bnc _2rdacarrier |
||
| 500 | _aIncluye índice | ||
| 505 | 0 | _aPrimera parte -- Agradecimientos 9 -- Plegaria y Cita bíblica 11 – Prólogo 13 -- Preámbulo 17 – Introducción 19 -- Primer Motivo: Controles Innecesarios 23 -- Segundo Motivo: Programación 27 -- Tercer Motivo: Inferioridad e Inseguridad 29 -- Cuarto Motivo: Confianza 31 -- Quinto Motivo Bienestar Psicosomático 33 – Conclusión 41 -- Testimonio 1 y 2 Segunda 45 – Segunda parte -- Notas, estadísticas y anexos 47 Radiografía de los sucesos sobre Feminicidios y Violencia intrafamiliar en la República Dominicana (1980-2012) 49 -- Estadísticas, casos y opiniones de los Feminicidios y la Violencia de Género en Hispanoamérica 55 -- Los feminicidios en América Latina Feminicidios y violencia intrafamiliar causados por los celos 61 -- Informe sobre los feminicidios en la República Dominicana 65 -- Anexos 75 – Epílogo 128 | |
| 650 | 7 |
_aViolencia familiar _xAspectos sociales _zRepública Dominicana |
|
| 650 | 7 |
_aCelos _xAspectos psicológicos |
|
| 650 | 7 |
_aViolencia contra la mujer _zRepública Dominicana _xEstadísticas. |
|
| 700 | 1 |
_aGerón, Candido, _d1948- _eprólogo |
|
| 910 | _aVMateo V. Control de calidad. BPMSU | ||
| 942 |
_2ddc _cBK |
||
| 999 |
_c15749 _d15749 |
||